[Event "26th 4NCL Congress"]
[Site "Woodland Grange, Leamington Spa"]
[Date "2021.09.12"]
[Round "4"]
[Board "18"]
[White "Starley, Robert"]
[Black "Cannon, Richard J"]
[Result "1-0"]
[WhiteElo "2161"]
[BlackElo "2058"]
[PlyCount "0"]
[EventDate "2021.09.10"]
[EventRounds "5"]
[EventCountry "ENG"]

1. e4 {[%clk 01:30:57]} {[%emt 00:00:02]} c5 {[%clk 01:30:55]} {[%emt
00:00:05]} 2. Nf3 {[%clk 01:31:21]} {[%emt 00:00:05]} Nf6 {[%clk 01:31:19]}
{[%emt 00:00:06]} 3. Nc3 {[%clk 01:31:45]} {[%emt 00:00:07]} d5 {[%clk
01:31:42]} {[%emt 00:00:06]} 4. exd5 {[%clk 01:32:03]} {[%emt 00:00:13]} Nxd5
{[%clk 01:32:07]} {[%emt 00:00:05]} 5. Bb5+ {[%clk 01:29:34]} {[%emt 00:02:59]}
Bd7 {[%clk 01:32:30]} {[%emt 00:00:07]} 6. Bc4 {[%clk 01:27:08]} {[%emt
00:02:56]} Nb6 {[%clk 01:22:46]} {[%emt 00:10:13]} 7. Be2 {[%clk 01:22:41]}
{[%emt 00:04:57]} Nc6 {[%clk 01:22:27]} {[%emt 00:00:49]} 8. d4 {[%clk
01:21:03]} {[%emt 00:02:08]} cxd4 {[%clk 01:22:35]} {[%emt 00:00:22]} 9. Nxd4
{[%clk 01:21:28]} {[%emt 00:00:06]} Nxd4 {[%clk 01:21:09]} {[%emt 00:01:56]} 10.
Qxd4 {[%clk 01:21:53]} {[%emt 00:00:05]} Bc6 {[%clk 01:21:32]} {[%emt
00:00:07]} 11. Qg4 {[%clk 01:20:51]} {[%emt 00:01:31]} Qd7 {[%clk 01:19:32]}
{[%emt 00:02:30]} 12. Qg3 {[%clk 01:19:29]} {[%emt 00:01:52]} g6 {[%clk
01:14:53]} {[%emt 00:05:09]} 13. O-O {[%clk 01:17:42]} {[%emt 00:02:18]} Bg7
{[%clk 01:15:03]} {[%emt 00:00:19]} 14. Bf4 {[%clk 01:13:24]} {[%emt 00:04:49]}
O-O {[%clk 01:15:00]} {[%emt 00:00:34]} 15. Rad1 {[%clk 01:12:34]} {[%emt
00:01:20]} Qe8 {[%clk 01:14:41]} {[%emt 00:00:48]} 16. Rfe1 {[%clk 01:12:05]}
{[%emt 00:01:00]} e5 {[%clk 01:13:38]} {[%emt 00:01:33]} 17. Bg5 {[%clk
01:10:30]} {[%emt 00:02:05]} f5 {[%clk 01:10:01]} {[%emt 00:04:06]} 18. Qh4
{[%clk 01:07:55]} {[%emt 00:03:04]} Qf7 {[%clk 01:00:02]} {[%emt 00:10:30]} 19.
a4 {[%clk 01:04:39]} {[%emt 00:03:47]} e4 {[%clk 00:52:24]} {[%emt 00:08:08]}
20. a5 {[%clk 00:49:37]} {[%emt 00:15:33]} Nc4 {[%clk 00:51:06]} {[%emt
00:01:47]} 21. b3 {[%clk 00:49:04]} {[%emt 00:01:04]} Nxa5 {[%clk 00:40:34]}
{[%emt 00:11:01]} 22. Nb1 {[%clk 00:43:25]} {[%emt 00:06:09]} Kh8 {[%clk
00:38:22]} {[%emt 00:02:42]} 23. Nd2 {[%clk 00:33:01]} {[%emt 00:10:55]} Bc3
{[%clk 00:37:24]} {[%emt 00:01:27]} 24. Qh3 {[%clk 00:32:31]} {[%emt 00:01:00]}
Qg7 {[%clk 00:36:22]} {[%emt 00:01:32]} 25. Bh6 {[%clk 00:32:03]} {[%emt
00:00:58]} Qf6 {[%clk 00:36:37]} {[%emt 00:00:15]} 26. Bxf8 {[%clk 00:32:07]}
{[%emt 00:00:26]} Rxf8 {[%clk 00:37:02]} {[%emt 00:00:05]} 27. Rf1 {[%clk
00:31:57]} {[%emt 00:00:41]} f4 {[%clk 00:22:37]} {[%emt 00:14:55]} 28. Kh1
{[%clk 00:25:56]} {[%emt 00:06:30]} f3 {[%clk 00:22:11]} {[%emt 00:00:56]} 29.
gxf3 {[%clk 00:25:38]} {[%emt 00:00:49]} exf3 {[%clk 00:11:38]} {[%emt
00:11:03]} 30. Bd3 {[%clk 00:25:42]} {[%emt 00:00:26]} Bxd2 {[%clk 00:11:07]}
{[%emt 00:01:00]} 31. Rg1 {[%clk 00:24:14]} {[%emt 00:01:58]} Bg5 {[%clk
00:10:17]} {[%emt 00:01:20]} 32. b4 {[%clk 00:23:56]} {[%emt 00:00:49]} b6
{[%clk 00:09:09]} {[%emt 00:01:38]} 33. bxa5 {[%clk 00:24:18]} {[%emt
00:00:08]} bxa5 {[%clk 00:09:34]} {[%emt 00:00:05]} 34. Rde1 {[%clk 00:19:44]}
{[%emt 00:05:04]} Bd5 {[%clk 00:08:24]} {[%emt 00:01:40]} 35. Qd7 {[%clk
00:19:01]} {[%emt 00:01:13]} Rd8 {[%clk 00:07:58]} {[%emt 00:00:55]} 36. Re8+
{[%clk 00:18:55]} {[%emt 00:00:37]} Rxe8 {[%clk 00:08:13]} {[%emt 00:00:15]} 37.
Qxe8+ {[%clk 00:19:20]} {[%emt 00:00:05]} Kg7 {[%clk 00:08:37]} {[%emt
00:00:06]} 38. Qd7+ {[%clk 00:19:21]} {[%emt 00:00:29]} Bf7 {[%clk 00:08:45]}
{[%emt 00:00:22]} 39. Bc4 {[%clk 00:19:17]} {[%emt 00:00:35]} Bf4 {[%clk
00:08:38]} {[%emt 00:00:37]} 40. Qxf7+ {[%clk 00:19:00]} {[%emt 00:00:47]} Qxf7
{[%clk 00:09:04]} {[%emt 00:00:04]} 41. Bxf7 {[%clk 00:19:26]} {[%emt
00:00:04]} Kxf7 {[%clk 00:09:29]} {[%emt 00:00:04]} 42. Ra1 {[%clk 00:19:48]}
{[%emt 00:00:08]} Bc7 {[%clk 00:09:42]} {[%emt 00:00:18]} 43. Ra3 {[%clk
00:20:11]} {[%emt 00:00:06]} Ke6 {[%clk 00:09:48]} {[%emt 00:00:25]} 44. Rxf3
{[%clk 00:20:35]} {[%emt 00:00:06]} Bd6 {[%clk 00:09:53]} {[%emt 00:00:25]} 45.
Kg2 {[%clk 00:18:15]} {[%emt 00:02:50]} a4 {[%clk 00:09:26]} {[%emt 00:00:57]}
46. Rh3 {[%clk 00:14:00]} {[%emt 00:04:44]} g5 {[%clk 00:05:13]} {[%emt
00:04:44]} 47. Rxh7 {[%clk 00:13:21]} {[%emt 00:01:09]} Bc5 {[%clk 00:04:43]}
{[%emt 00:01:00]} 48. Rh6+ {[%clk 00:12:59]} {[%emt 00:00:52]} Kd5 {[%clk
00:04:21]} {[%emt 00:00:52]} 49. Ra6 {[%clk 00:12:51]} {[%emt 00:00:39]} a3
{[%clk 00:04:45]} {[%emt 00:00:06]} 50. Ra4 {[%clk 00:12:37]} {[%emt 00:00:44]}
Kc6 {[%clk 00:03:15]} {[%emt 00:01:59]} 51. c4 {[%clk 00:13:01]} {[%emt
00:00:07]} Kb6 {[%clk 00:02:35]} {[%emt 00:01:10]} 52. Kf3 {[%clk 00:12:05]}
{[%emt 00:01:26]} a5 {[%clk 00:02:16]} {[%emt 00:00:49]} 53. h3 {[%clk
00:11:00]} {[%emt 00:01:35]} Bb4 {[%clk 00:02:38]} {[%emt 00:00:08]} 54. Ke4
{[%clk 00:11:15]} {[%emt 00:00:14]} Kc5 {[%clk 00:03:03]} {[%emt 00:00:05]} 55.
Kd3 {[%clk 00:11:34]} {[%emt 00:00:12]} Kc6 {[%clk 00:01:38]} {[%emt 00:01:55]}
56. Kd4 {[%clk 00:08:57]} {[%emt 00:03:07]} Kd6 {[%clk 00:01:49]} {[%emt
00:00:19]} 57. f3 {[%clk 00:08:37]} {[%emt 00:00:49]} Kc6 {[%clk 00:01:41]}
{[%emt 00:00:37]} 58. f4 {[%clk 00:05:55]} {[%emt 00:03:12]} gxf4 {[%clk
00:01:54]} {[%emt 00:00:17]} 59. h4 {[%clk 00:06:23]} {[%emt 00:00:03]} Kd6
{[%clk 00:01:44]} {[%emt 00:00:40]} 60. h5 {[%clk 00:06:42]} {[%emt 00:00:10]}
f3 {[%clk 00:00:49]} {[%emt 00:01:25]} 61. Ke3 {[%clk 00:07:10]} {[%emt
00:00:02]} Kc5 {[%clk 00:01:12]} {[%emt 00:00:07]} 62. h6 {[%clk 00:07:24]}
{[%emt 00:00:15]} Kxc4 {[%clk 00:01:04]} {[%emt 00:00:39]} 63. h7 {[%clk
00:07:44]} {[%emt 00:00:10]} Kb3 {[%clk 00:01:26]} {[%emt 00:00:08]} 64. Rxb4+
{[%clk 00:08:06]} {[%emt 00:00:08]} axb4 {[%clk 00:01:44]} {[%emt 00:00:12]} 65.
h8=Q {[%clk 00:08:17]} {[%emt 00:00:19]} Ka2 {[%clk 00:01:44]} {[%emt
00:00:30]} 66. Qh2+ {[%clk 00:06:05]} {[%emt 00:02:42]} Kb1 {[%clk 00:01:37]}
{[%emt 00:00:37]} 67. Qg1+ {[%clk 00:06:23]} {[%emt 00:00:12]} Kb2 {[%clk
00:00:35]} {[%emt 00:01:32]} 68. Qf2+ {[%clk 00:06:45]} {[%emt 00:00:08]} Kb1
{[%clk 00:00:37]} {[%emt 00:00:29]} 69. Qe1+ {[%clk 00:06:58]} {[%emt
00:00:17]} Kc2 {[%clk 00:00:58]} {[%emt 00:00:08]} 70. Qd2+ {[%clk 00:05:03]}
{[%emt 00:02:25]} Kb3 {[%clk 00:01:23]} {[%emt 00:00:06]} 71. Kd3 {[%clk
00:05:15]} {[%emt 00:00:18]} a2 {[%clk 00:01:32]} {[%emt 00:00:21]} 72. Qc2+
{[%clk 00:05:33]} {[%emt 00:00:12]} Ka3 {[%clk 00:01:56]} {[%emt 00:00:06]} 73.
Kc4 {[%clk 00:04:18]} {[%emt 00:01:44]} a1=N {[%emt 00:00:11]} 74. Qc1+ {[%clk
00:04:36]} {[%emt 00:00:11]} Ka2 {[%clk 00:02:34]} {[%emt 00:00:14]} 75. Kxb4
{[%clk 00:04:26]} {[%emt 00:00:40]} f2 {[%clk 00:02:47]} {[%emt 00:00:17]} 76.
Kc3 {[%clk 00:04:37]} {[%emt 00:00:18]} f1=Q {[%clk 00:03:06]} {[%emt
00:00:12]} 77. Qb2# {[%clk 00:04:24]} {[%emt 00:00:05]}  1-0

[Event "26th 4NCL Congress"]
[Site "Woodland Grange, Leamington Spa"]
[Date "2021.09.12"]
[Round "4"]
[Board "19"]
[White "Weersing, Abigail R"]
[Black "Pollack, Oscar"]
[Result "0-1"]
[WhiteElo "1945"]
[BlackElo "2145"]
[PlyCount "0"]
[EventDate "2021.09.10"]
[EventRounds "5"]
[EventCountry "ENG"]

1. d4 {[%clk 01:30:57]} {[%emt 00:00:02]} Nf6 {[%clk 01:24:51]} {[%emt
00:06:10]} 2. c4 {[%clk 01:31:22]} {[%emt 00:00:05]} c5 {[%clk 01:25:19]}
{[%emt 00:00:02]} 3. d5 {[%clk 01:31:48]} {[%emt 00:00:04]} e6 {[%clk
01:25:45]} {[%emt 00:00:03]} 4. Nc3 {[%clk 01:32:12]} {[%emt 00:00:06]} exd5
{[%clk 01:26:10]} {[%emt 00:00:05]} 5. cxd5 {[%clk 01:32:38]} {[%emt 00:00:04]}
d6 {[%clk 01:26:36]} {[%emt 00:00:04]} 6. e4 {[%clk 01:33:03]} {[%emt
00:00:05]} g6 {[%clk 01:27:02]} {[%emt 00:00:04]} 7. f4 {[%clk 01:33:14]}
{[%emt 00:00:19]} Bg7 {[%clk 01:27:27]} {[%emt 00:00:06]} 8. Bb5+ {[%clk
01:33:38]} {[%emt 00:00:06]} Nfd7 {[%clk 01:27:53]} {[%emt 00:00:04]} 9. Be2
{[%clk 01:33:40]} {[%emt 00:00:27]} O-O {[%clk 01:27:56]} {[%emt 00:00:26]} 10.
Nf3 {[%clk 01:33:59]} {[%emt 00:00:12]} Na6 {[%clk 01:27:56]} {[%emt 00:00:31]}
11. O-O {[%clk 01:33:38]} {[%emt 00:00:50]} Nc7 {[%clk 01:28:07]} {[%emt
00:00:19]} 12. a4 {[%clk 01:32:54]} {[%emt 00:01:13]} Nf6 {[%clk 01:27:25]}
{[%emt 00:01:13]} 13. Nd2 {[%clk 01:29:11]} {[%emt 00:04:13]} Re8 {[%clk
01:25:56]} {[%emt 00:01:59]} 14. Bf3 {[%clk 01:28:39]} {[%emt 00:01:01]} a6
{[%clk 01:22:47]} {[%emt 00:03:40]} 15. Nc4 {[%clk 01:23:33]} {[%emt 00:05:36]}
Rb8 {[%clk 01:19:50]} {[%emt 00:03:27]} 16. e5 {[%clk 01:18:47]} {[%emt
00:05:16]} dxe5 {[%clk 01:20:08]} {[%emt 00:00:12]} 17. Nxe5 {[%clk 00:48:14]}
{[%emt 00:31:03]} Nd7 {[%clk 01:09:45]} {[%emt 00:10:53]} 18. Nc4 {[%clk
00:46:31]} {[%emt 00:02:13]} b6 {[%clk 01:03:16]} {[%emt 00:06:59]} 19. Bg4
{[%clk 00:29:08]} {[%emt 00:17:52]} f5 {[%clk 00:57:07]} {[%emt 00:06:40]} 20.
Bf3 {[%clk 00:28:47]} {[%emt 00:00:51]} Bd4+ {[%clk 00:56:12]} {[%emt
00:01:25]} 21. Kh1 {[%clk 00:28:56]} {[%emt 00:00:21]} Nf6 {[%clk 00:53:53]}
{[%emt 00:02:49]} 22. d6 {[%clk 00:27:29]} {[%emt 00:01:56]} Ne6 {[%clk
00:53:13]} {[%emt 00:01:10]} 23. Bc6 {[%clk 00:21:59]} {[%emt 00:06:00]} Bd7
{[%clk 00:52:14]} {[%emt 00:01:30]} 24. Bf3 {[%clk 00:16:01]} {[%emt 00:06:28]}
Bc8 {[%clk 00:47:46]} {[%emt 00:04:58]} 25. Bc6 {[%clk 00:16:10]} {[%emt
00:00:21]} Ng4 {[%emt 00:04:26]} 26. Qf3 {[%clk 00:11:41]} {[%emt 00:04:57]}
Bd7 {[%clk 00:42:05]} {[%emt 00:02:18]} 27. Bd5 {[%clk 00:08:53]} {[%emt
00:03:18]} Kh8 {[%clk 00:40:51]} {[%emt 00:01:44]} 28. Be3 {[%clk 00:06:56]}
{[%emt 00:02:26]} Bxe3 {[%clk 00:40:56]} {[%emt 00:00:25]} 29. Bxe6 {[%clk
00:02:03]} {[%emt 00:05:24]} Rxe6 {[%clk 00:41:09]} {[%emt 00:00:18]} 30. Nd5
{[%clk 00:01:10]} {[%emt 00:01:22]} Bc6 {[%clk 00:40:14]} {[%emt 00:01:26]} 31.
Rae1 {[%clk 00:00:41]} {[%emt 00:00:59]} Qh4 {[%clk 00:39:54]} {[%emt
00:00:50]} 32. h3 {[%clk 00:00:38]} {[%emt 00:00:33]} Bxd5 {[%clk 00:40:10]}
{[%emt 00:00:13]} 33. Qxd5 {[%clk 00:00:38]} {[%emt 00:00:29]} Qg3 {[%clk
00:40:30]} {[%emt 00:00:10]} 34. hxg4 {[%clk 00:00:41]} {[%emt 00:00:27]} Qh4#
{[%clk 00:40:56]} {[%emt 00:00:05]} 35. Qd4+ {[%emt 00:00:34]}  0-1

[Event "26th 4NCL Congress"]
[Site "Woodland Grange, Leamington Spa"]
[Date "2021.09.12"]
[Round "4"]
[Board "20"]
[White "James, Russell A"]
[Black "Elwin, Adrian G"]
[Result "1-0"]
[WhiteElo "2134"]
[BlackElo "2043"]
[PlyCount "0"]
[EventDate "2021.09.10"]
[EventRounds "5"]
[EventCountry "ENG"]

1. e4 {[%clk 01:26:31]} {[%emt 00:04:28]} c6 {[%clk 01:29:41]} {[%emt
00:01:20]} 2. Nf3 {[%clk 01:26:18]} {[%emt 00:00:42]} d5 {[%clk 01:29:56]}
{[%emt 00:00:15]} 3. d3 {[%clk 01:26:42]} {[%emt 00:00:06]} dxe4 {[%clk
01:26:51]} {[%emt 00:03:35]} 4. dxe4 {[%clk 01:27:07]} {[%emt 00:00:05]} Qxd1+
{[%clk 01:26:54]} {[%emt 00:00:22]} 5. Kxd1 {[%clk 01:27:29]} {[%emt 00:00:12]}
Bg4 {[%clk 01:27:02]} {[%emt 00:00:22]} 6. Be2 {[%clk 01:27:50]} {[%emt
00:00:09]} Nd7 {[%clk 01:26:33]} {[%emt 00:00:58]} 7. Ne1 {[%clk 01:28:14]}
{[%emt 00:00:07]} Ngf6 {[%clk 01:13:32]} {[%emt 00:13:31]} 8. Bxg4 {[%clk
01:23:59]} {[%emt 00:04:46]} Nxg4 {[%clk 01:13:57]} {[%emt 00:00:05]} 9. Ke2
{[%clk 01:24:16]} {[%emt 00:00:13]} e6 {[%clk 01:09:44]} {[%emt 00:04:44]} 10.
Nd2 {[%clk 01:18:34]} {[%emt 00:06:11]} Bd6 {[%clk 01:00:46]} {[%emt 00:09:28]}
11. f3 {[%clk 01:13:01]} {[%emt 00:06:04]} Nge5 {[%clk 00:57:05]} {[%emt
00:04:10]} 12. a4 {[%clk 00:56:44]} {[%emt 00:16:48]} O-O {[%clk 00:50:56]}
{[%emt 00:06:39]} 13. f4 {[%clk 00:52:40]} {[%emt 00:04:33]} Ng6 {[%clk
00:50:40]} {[%emt 00:00:46]} 14. g3 {[%clk 00:52:52]} {[%emt 00:00:19]} Bxf4
{[%clk 00:33:25]} {[%emt 00:17:45]} 15. gxf4 {[%clk 00:51:47]} {[%emt
00:01:35]} Nxf4+ {[%clk 00:33:52]} {[%emt 00:00:02]} 16. Ke3 {[%clk 00:49:09]}
{[%emt 00:03:09]} e5 {[%clk 00:30:48]} {[%emt 00:03:34]} 17. Nd3 {[%clk
00:35:39]} {[%emt 00:13:59]} f5 {[%clk 00:24:37]} {[%emt 00:06:41]} 18. Nxf4
{[%clk 00:30:54]} {[%emt 00:05:14]} exf4+ {[%clk 00:22:29]} {[%emt 00:02:38]}
19. Kf2 {[%clk 00:28:07]} {[%emt 00:03:18]} Rae8 {[%clk 00:15:08]} {[%emt
00:07:51]} 20. exf5 {[%clk 00:24:49]} {[%emt 00:03:48]} Rxf5 {[%clk 00:15:08]}
{[%emt 00:00:30]} 21. Nf3 {[%clk 00:19:56]} {[%emt 00:05:24]} g5 {[%clk
00:12:56]} {[%emt 00:02:42]} 22. Rg1 {[%clk 00:18:19]} {[%emt 00:02:07]} h6
{[%clk 00:13:15]} {[%emt 00:00:11]} 23. Ra3 {[%clk 00:12:20]} {[%emt 00:06:29]}
Kh7 {[%clk 00:08:39]} {[%emt 00:05:05]} 24. Re1 {[%clk 00:08:14]} {[%emt
00:04:36]} Rxe1 {[%clk 00:05:11]} {[%emt 00:03:59]} 25. Nxe1 {[%clk 00:07:13]}
{[%emt 00:01:32]} Nf6 {[%clk 00:04:21]} {[%emt 00:01:19]} 26. h3 {[%clk
00:05:30]} {[%emt 00:02:13]} h5 {[%clk 00:02:53]} {[%emt 00:01:59]} 27. Rf3
{[%clk 00:03:37]} {[%emt 00:02:22]} Ne4+ {[%clk 00:02:45]} {[%emt 00:00:38]} 28.
Kg2 {[%clk 00:03:30]} {[%emt 00:00:37]} h4 {[%clk 00:02:27]} {[%emt 00:00:48]}
29. Nd3 {[%clk 00:02:53]} {[%emt 00:01:08]} Nc5 {[%clk 00:02:17]} {[%emt
00:00:40]} 30. b3 {[%clk 00:00:58]} {[%emt 00:02:26]} Ne6 {[%clk 00:02:44]}
{[%emt 00:00:02]} 31. Bb2 {[%clk 00:01:15]} {[%emt 00:00:13]} Kg6 {[%clk
00:03:08]} {[%emt 00:00:06]} 32. Ne5+ {[%clk 00:01:31]} {[%emt 00:00:14]} Kh5
{[%clk 00:03:28]} {[%emt 00:00:09]} 33. Ng4 {[%clk 00:01:36]} {[%emt 00:00:26]}
c5 {[%clk 00:02:55]} {[%emt 00:01:03]} 34. c4 {[%clk 00:01:15]} {[%emt
00:00:51]} Rf8 {[%clk 00:02:44]} {[%emt 00:00:41]} 35. Rd3 {[%clk 00:00:35]}
{[%emt 00:01:10]} f3+ {[%clk 00:03:04]} {[%emt 00:00:10]} 36. Rxf3 {[%clk
00:00:52]} {[%emt 00:00:12]} Nf4+ {[%clk 00:03:31]} {[%emt 00:00:02]} 37. Kh2
{[%clk 00:01:06]} {[%emt 00:00:16]} Rd8 {[%clk 00:03:50]} {[%emt 00:00:12]} 38.
Nf6+ {[%clk 00:00:43]} {[%emt 00:00:53]} Kg6 {[%clk 00:04:13]} {[%emt
00:00:06]} 39. Nd5 {[%clk 00:00:35]} {[%emt 00:00:39]} Nxd5 {[%clk 00:04:08]}
{[%emt 00:00:35]} 40. cxd5 {[%clk 00:00:56]} {[%emt 00:00:09]} Rxd5 {[%clk
00:04:34]} {[%emt 00:00:05]} 41. Bc3 {[%clk 00:00:54]} {[%emt 00:00:31]} Rd1
{[%clk 00:04:49]} {[%emt 00:00:14]} 42. Kg2 {[%clk 00:00:40]} {[%emt 00:00:44]}
Rb1 {[%clk 00:05:04]} {[%emt 00:00:16]} 43. Be5 {[%clk 00:00:45]} {[%emt
00:00:25]} Re1 {[%clk 00:04:36]} {[%emt 00:00:58]} 44. Bb8 {[%clk 00:01:03]}
{[%emt 00:00:12]} a6 {[%clk 00:04:45]} {[%emt 00:00:21]} 45. Rc3 {[%clk
00:01:15]} {[%emt 00:00:18]} b6 {[%clk 00:04:45]} {[%emt 00:00:30]} 46. Ba7
{[%clk 00:01:21]} {[%emt 00:00:23]} Re6 {[%clk 00:04:41]} {[%emt 00:00:34]} 47.
a5 {[%clk 00:01:34]} {[%emt 00:00:17]} bxa5 {[%clk 00:04:59]} {[%emt 00:00:13]}
48. Bxc5 {[%clk 00:01:51]} {[%emt 00:00:12]} Kh5 {[%clk 00:04:01]} {[%emt
00:01:28]} 49. Bf2 {[%clk 00:01:31]} {[%emt 00:00:50]} Re2 {[%clk 00:04:24]}
{[%emt 00:00:07]} 50. Rc5 {[%clk 00:01:07]} {[%emt 00:00:54]} Rb2 {[%clk
00:04:38]} {[%emt 00:00:15]} 51. Rxa5 {[%clk 00:01:25]} {[%emt 00:00:13]} Rxb3
{[%clk 00:05:04]} {[%emt 00:00:04]} 52. Rxa6 {[%clk 00:01:46]} {[%emt
00:00:10]} Rb2 {[%clk 00:05:08]} {[%emt 00:00:26]} 53. Ra4 {[%clk 00:02:00]}
{[%emt 00:00:13]} Rc2 {[%clk 00:04:53]} {[%emt 00:00:48]} 54. Kf3 {[%clk
00:01:57]} {[%emt 00:00:32]} Rb2 {[%clk 00:04:37]} {[%emt 00:00:46]} 55. Ra5
{[%clk 00:02:05]} {[%emt 00:00:23]} Rb7 {[%clk 00:03:43]} {[%emt 00:01:25]} 56.
Be3 {[%clk 00:01:54]} {[%emt 00:00:41]} Rf7+ {[%clk 00:03:59]} {[%emt
00:00:13]} 57. Ke4 {[%clk 00:01:06]} {[%emt 00:01:18]} Re7+ {[%clk 00:03:43]}
{[%emt 00:00:46]} 58. Kf3 {[%clk 00:01:21]} {[%emt 00:00:15]} Rf7+ {[%clk
00:04:07]} {[%emt 00:00:07]} 59. Kg2 {[%clk 00:01:43]} {[%emt 00:00:08]} Rg7
{[%clk 00:04:30]} {[%emt 00:00:06]} 60. Ra4 {[%clk 00:01:54]} {[%emt 00:00:20]}
Re7 {[%clk 00:04:40]} {[%emt 00:00:19]} 61. Kf2 {[%clk 00:01:45]} {[%emt
00:00:39]} Rf7+ {[%clk 00:05:03]} {[%emt 00:00:08]} 62. Ke2 {[%clk 00:02:07]}
{[%emt 00:00:07]} Re7 {[%clk 00:05:14]} {[%emt 00:00:20]} 63. Ra5 {[%clk
00:01:39]} {[%emt 00:00:58]} Rg7 {[%clk 00:05:40]} {[%emt 00:00:03]} 64. Rf5
{[%clk 00:01:48]} {[%emt 00:00:21]} Rg6 {[%clk 00:05:23]} {[%emt 00:00:47]} 65.
Kf3 {[%clk 00:02:08]} {[%emt 00:00:11]} Rg8 {[%clk 00:05:20]} {[%emt 00:00:33]}
66. Rf6 {[%clk 00:01:44]} {[%emt 00:00:54]} Ra8 {[%clk 00:05:04]} {[%emt
00:00:47]} 67. Rf5 {[%clk 00:01:21]} {[%emt 00:00:54]} Rg8 {[%clk 00:05:29]}
{[%emt 00:00:04]} 68. Bd4 {[%clk 00:01:05]} {[%emt 00:00:46]} Rd8 {[%clk
00:03:09]} {[%emt 00:02:49]} 69. Be3 {[%clk 00:00:52]} {[%emt 00:00:44]} Rg8
{[%clk 00:03:35]} {[%emt 00:00:04]} 70. Rf7 {[%clk 00:01:09]} {[%emt 00:00:14]}
Kg6 {[%clk 00:03:30]} {[%emt 00:00:34]} 71. Rb7 {[%clk 00:01:21]} {[%emt
00:00:16]} Kh5 {[%clk 00:03:50]} {[%emt 00:00:12]} 72. Bc5 {[%clk 00:01:33]}
{[%emt 00:00:18]} Rc8 {[%clk 00:03:55]} {[%emt 00:00:25]} 73. Rb5 {[%clk
00:01:32]} {[%emt 00:00:31]} Rc7 {[%clk 00:03:27]} {[%emt 00:00:58]} 74. Ke4
{[%clk 00:01:15]} {[%emt 00:00:47]} Rf7 {[%clk 00:03:36]} {[%emt 00:00:21]} 75.
Bd6 {[%clk 00:01:13]} {[%emt 00:00:33]} Rf1 {[%clk 00:03:18]} {[%emt 00:00:48]}
76. Rf5 {[%clk 00:01:14]} {[%emt 00:00:28]} Re1+ {[%clk 00:02:40]} {[%emt
00:01:09]} 77. Kd5 {[%clk 00:01:11]} {[%emt 00:00:32]} Kg6 {[%clk 00:02:02]}
{[%emt 00:01:09]} 78. Rf3 {[%clk 00:01:24]} {[%emt 00:00:17]} Rg1 {[%clk
00:01:39]} {[%emt 00:00:53]} 79. Ke6 {[%clk 00:01:32]} {[%emt 00:00:23]} Re1+
{[%clk 00:01:52]} {[%emt 00:00:16]} 80. Be5 {[%clk 00:01:55]} {[%emt 00:00:08]}
Rh1 {[%clk 00:01:35]} {[%emt 00:00:47]} 81. Bc3 {[%clk 00:02:00]} {[%emt
00:00:26]} Rb1 {[%clk 00:01:10]} {[%emt 00:00:54]} 82. Rf6 {[%clk 00:01:56]}
{[%emt 00:00:34]} Kh5 {[%clk 00:01:35]} {[%emt 00:00:06]} 83. Rf8 {[%clk
00:01:57]} {[%emt 00:00:27]} Rb6+ {[%clk 00:01:55]} {[%emt 00:00:08]} 84. Kf5
{[%clk 00:01:59]} {[%emt 00:00:30]} Rb1 {[%clk 00:00:00]} {[%emt 00:02:29]} 85.
Ke4 {[%emt 00:00:56]}  1-0

[Event "26th 4NCL Congress"]
[Site "Woodland Grange, Leamington Spa"]
[Date "2021.09.12"]
[Round "4"]
[Board "22"]
[White "Holt, Philip J"]
[Black "Gibbs, Dominic V"]
[Result "1-0"]
[WhiteElo "2207"]
[BlackElo "1967"]
[PlyCount "129"]
[EventDate "2021.09.10"]
[EventRounds "5"]
[EventCountry "ENG"]

1. Nf3 d6 2. d3 g6 3. e4 Bg7 4. c3 e5 5. g3 Ne7 6. Bg2 O-O 7. O-O Nd7 8. d4 h6
9. Re1 c5 10. dxe5 dxe5 11. a4 b6 12. Nbd2 Ba6 13. Bf1 Bxf1 14. Nxf1 Qc7 15.
Qe2 Rad8 16. Ne3 Nb8 17. a5 Nbc6 18. axb6 axb6 19. Qb5 Na5 20. Nd2 Rb8 21. Ndc4
Nxc4 22. Nxc4 Nc8 23. Be3 Rd8 24. Ra3 Nd6 25. Nxd6 Rxd6 26. Rea1 Qd7 27. Qxd7
Rxd7 28. Rb3 Bf8 29. Rb5 h5 30. Kf1 f5 31. Ke2 Kf7 32. Ra6 Rdb7 33. f3 Bd6 34.
c4 Bc7 35. Ra1 Ke6 36. Ra6 Bd6 37. Kd3 Ke7 38. Kc2 Ke6 39. h3 Ke7 40. g4 hxg4
41. hxg4 f4 42. Bd2 Ke6 43. b4 Kd7 44. Kb3 Kc7 45. Bc3 cxb4 46. Bxe5 Bxe5 47.
Rxe5 Rd8 48. Rd5 Rh8 49. Kxb4 Rh3 50. Ra3 Kc6 51. Rad3 Rg7 52. Rd6+ Kc7 53. Kb5
Rh1 54. Rc6+ Kb7 55. Rxb6+ Kc7 56. Rdd6 Rb1+ 57. Kc5 Rxb6 58. Rxb6 Rh7 59. Rxg6
Rh3 60. Rg7+ Kd8 61. e5 Rxf3 62. g5 Rd3 63. Rf7 Rg3 64. Rxf4 Rxg5 65. Kd6  1-0

[Event "26th 4NCL Congress"]
[Site "Woodland Grange, Leamington Spa"]
[Date "2021.09.12"]
[Round "4"]
[Board "23"]
[White "Moyse, Nigel J"]
[Black "Kumar, Sanjit S"]
[Result "1-0"]
[WhiteElo "2067"]
[BlackElo "1818"]
[PlyCount "41"]
[EventDate "2021.09.10"]
[EventRounds "5"]
[EventCountry "ENG"]

1. d4 e6 2. Nf3 b6 3. e4 Bb7 4. Bd3 Ne7 5. Qe2 g6 6. Bg5 Bg7 7. Nbd2 h6 8. Bf4
Nbc6 9. c3 g5 10. Bg3 Ng6 11. e5 g4 12. Ng1 Nce7 13. Be4 Bxe4 14. Qxe4 h5 15.
f3 gxf3 16. Ndxf3 Nf4 17. Bf2 Bh6 18. Ne2 Rg8 19. Ng3 Nfg6 20. Be3 Bxe3 21.
Qxe3  1-0

[Event "26th 4NCL Congress"]
[Site "Woodland Grange, Leamington Spa"]
[Date "2021.09.12"]
[Round "4"]
[Board "24"]
[White "Nandi, Robin J"]
[Black "Gomez, Daniel"]
[Result "0-1"]
[WhiteElo "1937"]
[BlackElo "2040"]
[PlyCount "60"]
[EventDate "2021.09.10"]
[EventRounds "5"]
[EventCountry "ENG"]

1. e4 e6 2. d4 d5 3. Nc3 Nf6 4. e5 Nfd7 5. f4 c5 6. Nf3 Nc6 7. Be3 Be7 8. Qd2
O-O 9. Be2 a6 10. O-O f6 11. exf6 Nxf6 12. Rae1 Ng4 13. Kh1 Nxe3 14. Qxe3 cxd4
15. Nxd4 Nxd4 16. Qxd4 Bc5 17. Qd2 Kh8 18. Nb5 Bd7 19. Nd4 Qf6 20. c3 Rae8 21.
g3 e5 22. fxe5 Qxe5 23. Rxf8+ Bxf8 24. Kg2 Bc5 25. Kf2 Rf8+ 26. Bf3 Qf6 27. Qd3
Bf5 28. Qe3 Be4 29. Qf4 Bxd4+ 30. cxd4 Qxd4+  0-1